[Event "Toronto-ch w"]
[Site "Toronto CAN"]
[Date "2010.11.23"]
[Round "4"]
[White "Liu, Jiaxin (Dora)"]
[Black "Giblon, Rebecca"]
[Result "0-1"]
[WhiteElo "1414"]
[BlackElo "1564"]
[PlyCount "138"]
[EventDate "2010.11.02"]
[EventType "tourn"]
[EventRounds "5"]
[EventCountry "CAN"]

1. e4 e5 2. Nf3 Nc6 3. Bc4 Bc5 4. O-O Nf6 5. d3 h6 6. Nc3 d6 7. h3 Be6 8. Bxe6
fxe6 9. Bd2 Nh5 10. Kh2 O-O 11. Qe1 Qf6 12. Be3 Bb6 13. Rb1 Nf4 14. Ne2 Nxg2
15. Kxg2 Qxf3+ 16. Kh2 Bxe3 17. fxe3 Qxe3 18. Ng3 Qxe1 19. Rbxe1 Nb4 20. Rxf8+
Rxf8 21. Re2 Nxa2 22. Nh5 g6 23. Rg2 Kh7 24. Ng3 Nb4 25. Re2 g5 26. Kg2 Kg6 27.
Rd2 b5 28. c3 Nc6 29. b4 a5 30. bxa5 Nxa5 31. Rb2 c6 32. Rb4 Rb8 33. Kf3 c5 34.
Rb1 b4 35. cxb4 cxb4 36. Ne2 Nc6 37. Ke3 h5 38. Rc1 Rb6 39. Rb1 g4 40. h4 b3
41. Rb2 Na5 42. Kd2 d5 43. Ke3 Rb8 44. Kd2 dxe4 45. Ke3 exd3 46. Kxd3 Rd8+ 47.
Kc3 Rd5 48. Rb1 Rb5 49. Rb2 Nc6 50. Rxb3 Rxb3+ 51. Kxb3 Nd4+ 52. Nxd4 exd4 53.
Kc4 e5 54. Kd3 Kf5 55. Ke2 e4 56. Kd2 Kf4 57. Ke2 d3+ 58. Kd2 g3 59. Ke1 e3 60.
Kf1 d2 61. Ke2 g2 62. Kd3 d1=Q+ 63. Kc4 g1=Q 64. Kc3 Qge1+ 65. Kc4 Qc2+ 66. Kd5
Qa5+ 67. Kd6 Qg6+ 68. Ke7 Qc7+ 69. Kf8 Qgf7# 0-1

[Event "Toronto-ch w"]
[Site "Toronto CAN"]
[Date "2010.11.23"]
[Round "4"]
[White "Sametova, Zhanna"]
[Black "Giblon, Melissa"]
[Result "1-0"]
[WhiteElo "1523"]
[BlackElo "1315"]
[PlyCount "91"]
[EventDate "2010.11.02"]
[EventType "tourn"]
[EventRounds "5"]
[EventCountry "CAN"]

1. e4 c5 2. Nf3 d6 3. d4 cxd4 4. Nxd4 Nf6 5. Nc3 e6 6. f4 Be7 7. Be3 O-O 8. Qf3
Qc7 9. O-O-O a6 10. Rg1 b5 11. a3 e5 12. Nf5 Bxf5 13. exf5 Nc6 14. g4 b4 15.
Nb1 Na5 16. Bd2 e4 17. Qg3 Rac8 18. c3 Nb3+ 19. Kc2 Nxd2 20. Rxd2 bxc3 21. Nxc3
Qa5 22. Kb1 Qc5 23. g5 Nh5 24. Qg4 Nxf4 25. Rg3 Qe5 26. f6 Bxf6 27. gxf6 Qxf6
28. Nxe4 Qe5 29. Bxa6 Qxe4+ 30. Ka2 g6 31. Bxc8 Qc4+ 32. b3 Qc1 33. Qxf4 Rxc8
34. Qf2 Ra8 35. a4 Rb8 36. Rc2 Qd1 37. Qd2 Qh1 38. Qxd6 Qa8 39. Rgc3 Kg7 40.
Qe5+ f6 41. Rc7+ Kh6 42. Qf4+ g5 43. Qxf6+ Kh5 44. Rxh7+ Kg4 45. h3+ Kg3 46.
Qf2# 1-0

[Event "Toronto-ch w"]
[Site "Toronto CAN"]
[Date "2010.11.23"]
[Round "4"]
[White "Zhou, Qiyu"]
[Black "Orlova, Yelizaveta"]
[Result "1-0"]
[WhiteElo "1464"]
[BlackElo "2045"]
[PlyCount "85"]
[EventDate "2010.11.02"]
[EventType "tourn"]
[EventRounds "5"]
[EventCountry "CAN"]

1. e4 c5 2. Nf3 Nc6 3. d4 cxd4 4. Nxd4 Qb6 5. Nb3 g6 6. Nc3 Bg7 7. Nd5 Qd8 8.
Bf4 d6 9. c3 Nf6 10. Bd3 Bd7 11. O-O Rc8 12. Re1 O-O 13. Qd2 Re8 14. Bh6 Bh8
15. Bg5 Nxd5 16. exd5 Ne5 17. Bf1 Nc4 18. Bxc4 Rxc4 19. Qe2 Qc8 20. Qe3 b6 21.
Qd2 f6 22. Bf4 g5 23. Be3 g4 24. Nd4 Bg7 25. Bh6 Qc5 26. Bxg7 Kxg7 27. Nb3 Qc7
28. Re3 h5 29. Rae1 Bc8 30. Qe2 Kf7 31. Nd4 a6 32. Nc6 Rxc6 33. dxc6 e5 34.
Qc4+ Be6 35. Qxa6 Qxc6 36. a3 f5 37. Qd3 Kf6 38. Rd1 f4 39. Ree1 Rd8 40. Qh7
Rd7 41. Qxh5 Rg7 42. Qh4+ Kg6 43. Qh8 1-0

[Event "Toronto-ch w"]
[Site "Toronto CAN"]
[Date "2010.12.07"]
[Round "5"]
[White "Giblon, Melissa"]
[Black "Zhou, Qiyu"]
[Result "0-1"]
[WhiteElo "1315"]
[BlackElo "1464"]
[PlyCount "100"]
[EventDate "2010.11.02"]
[EventType "tourn"]
[EventRounds "5"]
[EventCountry "CAN"]

1. e4 c5 2. Nf3 d6 3. d4 cxd4 4. Nxd4 Nf6 5. Nc3 g6 6. Be3 Bg7 7. f3 O-O 8. Qd2
Nc6 9. g4 Nd7 10. O-O-O Nde5 11. Be2 Nxd4 12. Bxd4 Be6 13. h4 Qa5 14. Kb1 Rfc8
15. Nd5 Qxd2 16. Rxd2 Bxd5 17. exd5 Nc4 18. Bxc4 Rxc4 19. Bxg7 Kxg7 20. Re1 Kf8
21. c3 Rac8 22. Rde2 R8c7 23. Re3 Rf4 24. Kc2 f5 25. Rg1 b5 26. b4 Rxb4 27.
Rge1 Rf4 28. Rg1 b4 29. h5 Rfc4 30. gxf5 Rxc3+ 31. Rxc3 Rxc3+ 32. Kb1 gxh5 33.
Rh1 Rxf3 34. Rxh5 Kg7 35. Rg5+ Kh6 36. Rg4 a5 37. Rh4+ Kg7 38. Rg4+ Kf6 39. Rh4
Rxf5 40. Rxh7 Rxd5 41. Rh6+ Kg5 42. Rh7 e5 43. Rg7+ Kf4 44. Rf7+ Ke3 45. Rf1 e4
46. Re1+ Kf3 47. Rf1+ Ke2 48. Rf4 e3 49. Re4 Kf2 50. Kc2 e2 0-1

[Event "Toronto-ch w"]
[Site "Toronto CAN"]
[Date "2010.12.07"]
[Round "5"]
[White "Giblon, Rebecca"]
[Black "Sametova, Zhanna"]
[Result "1-0"]
[WhiteElo "1564"]
[BlackElo "1523"]
[PlyCount "101"]
[EventDate "2010.11.02"]
[EventType "tourn"]
[EventRounds "5"]
[EventCountry "CAN"]

1. e4 c5 2. Nf3 Nc6 3. d4 cxd4 4. Nxd4 g6 5. Nc3 Bg7 6. Be3 Nf6 7. f3 d6 8. Qd2
O-O 9. g4 Nd7 10. Nxc6 bxc6 11. Bh6 Ne5 12. Be2 Qb6 13. Bxg7 Kxg7 14. O-O-O Be6
15. h4 Qa5 16. b3 Qa3+ 17. Kb1 a5 18. Qd4 Rab8 19. Na4 Rb4 20. Qb2 Qxb2+ 21.
Nxb2 Ra8 22. Kc1 c5 23. g5 Bd7 24. f4 Ng4 25. Nd3 Rxe4 26. Bf3 Re3 27. Bxa8
Rxd3 28. Rxd3 Nf2 29. Rhd1 Nxd1 30. Kxd1 Bf5 31. Re3 e6 32. Be4 Bg4+ 33. Kd2 d5
34. Rg3 dxe4 35. Rxg4 f5 36. Rg3 Kf7 37. Rc3 e5 38. Ke3 Ke6 39. Rxc5 exf4+ 40.
Kxf4 Kd6 41. Rxa5 Ke6 42. Rc5 Kd6 43. b4 Ke6 44. a4 Kf7 45. a5 Ke6 46. a6 Kd6
47. a7 Ke6 48. a8=Q e3 49. Qc8+ Kd6 50. Qc7+ Ke6 51. Re5# 1-0

[Event "Toronto-ch w"]
[Site "Toronto CAN"]
[Date "2010.12.07"]
[Round "5"]
[White "Orlova, Yelizaveta"]
[Black "Liu, Jiaxin (Dora)"]
[Result "1-0"]
[WhiteElo "2045"]
[BlackElo "1414"]
[PlyCount "77"]
[EventDate "2010.11.02"]
[EventType "tourn"]
[EventRounds "5"]
[EventCountry "CAN"]

1. Nf3 c5 2. g3 Nc6 3. Bg2 d6 4. O-O Nf6 5. b3 e5 6. d3 Be7 7. Bb2 O-O 8. Nbd2
h6 9. c4 Be6 10. e3 Qd7 11. Qe2 Bh3 12. Rfd1 Bxg2 13. Kxg2 Qf5 14. Ne1 Rad8 15.
a3 Rfe8 16. b4 Bf8 17. b5 Ne7 18. e4 Qe6 19. Nf1 Qg4 20. f3 Qg6 21. Ne3 Nh5 22.
Kh1 Qe6 23. Qf1 g5 24. N1c2 Bg7 25. a4 a6 26. Bc3 Rb8 27. Rdb1 Rf8 28. Nd5 Nxd5
29. cxd5 Qg6 30. Ne3 Rfd8 31. Nf5 Qf6 32. Qh3 Nxg3+ 33. hxg3 Kh7 34. Ra2 Rh8
35. Rab2 axb5 36. Rxb5 Ra8 37. Rxb7 Rxa4 38. R1b6 Rd8 39. Qh5 1-0

[Event "Toronto-ch w playoff"]
[Site "Toronto CAN"]
[Date "2010.12.14"]
[Round "1"]
[White "Zhou, Qiyu"]
[Black "Orlova, Yelizaveta"]
[Result "0-1"]
[WhiteElo "1464"]
[BlackElo "2045"]
[PlyCount "87"]
[EventDate "2010.12.14"]
[EventType "match"]
[EventRounds "2"]
[EventCountry "CAN"]

1. e4 c5 2. Nf3 Nc6 3. d4 cxd4 4. Nxd4 Qb6 5. Nb3 g6 6. Nc3 Bg7 7. Nd5 Qd8 8.
Bd3 Nf6 9. O-O O-O 10. c3 d6 11. Bg5 Nxd5 12. exd5 Ne5 13. Bc2 Qc7 14. Re1 Re8
15. Qe2 h6 16. Bf4 Bd7 17. Rab1 b5 18. Qd2 Kh7 19. Bxe5 Bxe5 20. f4 Bf6 21. Kh1
Rac8 22. Bd3 a5 23. Nc1 Qb7 24. Ne2 Kg7 25. Be4 b4 26. Rec1 Rc4 27. Ng3 Rec8
28. cxb4 axb4 29. a3 b3 30. Bf3 Rc2 31. Qd1 Ba4 32. Qe1 Rxc1 33. Rxc1 Bxb2 34.
Rb1 Bxa3 35. Be4 b2 36. Ne2 Bc2 37. Bxc2 Rxc2 38. Qd1 Qc7 39. Qd4+ f6 40. Qe3
Rc1+ 41. Nxc1 bxc1=Q+ 42. Rxc1 Qxc1+ 43. Qxc1 Bxc1 44. g3 0-1

[Event "Toronto-ch w playoff"]
[Site "Toronto CAN"]
[Date "2010.12.14"]
[Round "2"]
[White "Orlova, Yelizaveta"]
[Black "Zhou, Qiyu"]
[Result "1-0"]
[WhiteElo "2045"]
[BlackElo "1464"]
[PlyCount "67"]
[EventDate "2010.12.14"]
[EventType "match"]
[EventRounds "2"]
[EventCountry "CAN"]

1. Nf3 d5 2. g3 Nf6 3. Bg2 c5 4. O-O g6 5. d4 c4 6. c3 Bg7 7. Nbd2 O-O 8. Re1
Nc6 9. e4 e6 10. exd5 exd5 11. h3 b5 12. Ne5 Bb7 13. f4 Nxe5 14. fxe5 Nd7 15.
Nf3 a5 16. Bf4 Re8 17. Qd2 Qb6 18. Kh2 b4 19. Bh6 Bh8 20. Re2 Nf8 21. Rf1 Ne6
22. Ng5 Nxg5 23. Qxg5 Qe6 24. Ref2 Re7 25. h4 Rae8 26. Bh3 Qc6 27. e6 f6 28.
Rxf6 Bxf6 29. Qxf6 Qc8 30. Qf7+ Rxf7 31. exf7+ Kh8 32. Bxc8 Rxc8 33. f8=Q+ Rxf8
34. Rxf8# 1-0

[Event "Tournament of Champions"]
[Site "Winnipeg CAN"]
[Date "2010.11.02"]
[Round "1.6"]
[White "Kaptsan, Aron"]
[Black "Swift, Ryne"]
[Result "1-0"]
[WhiteElo "2040"]
[BlackElo "1815"]
[PlyCount "65"]
[EventDate "2010.11.02"]
[EventType "swiss"]
[EventRounds "6"]
[EventCountry "CAN"]

1. d4 d5 2. c4 e6 3. Nc3 Nf6 4. e3 c6 5. Nf3 Bd6 6. Bd3 O-O 7. O-O Nbd7 8. e4
dxe4 9. Nxe4 Nxe4 10. Bxe4 Nf6 11. Bc2 Bd7 12. Qd3 h6 13. b3 Re8 14. Bb2 Qc7
15. Rad1 Rad8 16. Rfe1 Bf8 17. d5 Bd6 18. Bxf6 gxf6 19. c5 cxd5 20. cxd6 Qxd6
21. Qh7+ Kf8 22. Qxh6+ Ke7 23. Nh4 e5 24. Qh7 Be6 25. Nf5+ Bxf5 26. Qxf5 Qe6
27. Qf3 Rg8 28. Bf5 Qc6 29. Rc1 Qb5 30. Rc7+ Kd6 31. Rxf7 Rgf8 32. Bd3 Qc5 33.
Qxf6# 1-0

[Event "Tournament of Champions"]
[Site "Winnipeg CAN"]
[Date "2010.11.02"]
[Round "1.6"]
[White "Klokow, John"]
[Black "Melamedoff, Gustavo"]
[Result "0-1"]
[WhiteElo "1820"]
[BlackElo "2051"]
[PlyCount "59"]
[EventDate "2010.11.02"]
[EventType "swiss"]
[EventRounds "6"]
[EventCountry "CAN"]

1. e4 e5 2. Nf3 Nc6 3. Bb5 a6 4. Ba4 Nf6 5. O-O Nxe4 6. d4 b5 7. Bb3 d5 8. dxe5
Be6 9. Nbd2 Nxd2 10. Bxd2 Be7 11. c3 O-O 12. h3 Na5 13. Bc2 Nc4 14. b3 Na3 15.
Bd3 c5 16. Be2 a5 17. Bc1 c4 18. Nd4 Qd7 19. f4 f5 20. Bf3 Rad8 21. Nxe6 Qxe6
22. Be3 b4 23. Qd2 bxc3 24. Qxc3 Bb4 25. Qc1 d4 26. bxc4 dxe3 27. Bd5 Rxd5 28.
cxd5 Qxd5 29. Rd1 Qe4 30. g3 0-1

[Event "Tournament of Champions"]
[Site "Winnipeg CAN"]
[Date "2010.11.02"]
[Round "1.6"]
[White "Lauritson, James"]
[Black "Lipnowski, Samuel"]
[Result "1/2-1/2"]
[WhiteElo "1978"]
[BlackElo "2262"]
[PlyCount "109"]
[EventDate "2010.11.02"]
[EventType "swiss"]
[EventRounds "6"]
[EventCountry "CAN"]

1. d4 Nf6 2. c4 g6 3. Nc3 d5 4. Nf3 Bg7 5. Bg5 Ne4 6. Bf4 Nxc3 7. bxc3 dxc4 8.
e3 b5 9. a4 c6 10. axb5 cxb5 11. Bxb8 Rxb8 12. Rxa7 Qb6 13. Ra1 O-O 14. Be2 Bf5
15. O-O b4 16. Bxc4 bxc3 17. Bd3 Be6 18. Bc2 Rfc8 19. Rb1 Qc7 20. Rxb8 Rxb8 21.
Qa1 Bd5 22. Rc1 Ra8 23. Qb1 e6 24. Be4 Bf8 25. Bxd5 exd5 26. Qb3 Ba3 27. Rc2
Bb2 28. g3 Qd7 29. Ne5 Qh3 30. Rxb2 cxb2 31. Qxb2 f6 32. Nd3 Qf5 33. Nc5 Qf3
34. Qb1 Qf5 35. Qxf5 gxf5 36. Ne6 Kf7 37. Nf4 Ra5 38. Kg2 Ke7 39. Kf3 Kd6 40.
Nh5 Ke7 41. h4 Kf7 42. Nf4 Kg7 43. Nh5+ Kg6 44. Nf4+ Kh6 45. Kg2 Kg7 46. Kf3
Kf7 47. Kg2 Ke7 48. Kf3 Kd6 49. Nh5 Ke7 50. Nf4 Rb5 51. Nh5 Kf7 52. Nf4 Ra5 53.
Nh5 Ra2 54. Nf4 Ra5 55. Nh5 1/2-1/2

[Event "Tournament of Champions"]
[Site "Winnipeg CAN"]
[Date "2010.11.02"]
[Round "1.6"]
[White "Pottinger, Carl"]
[Black "Boron, Anthony"]
[Result "1/2-1/2"]
[WhiteElo "1808"]
[BlackElo "2014"]
[PlyCount "88"]
[EventDate "2010.11.02"]
[EventType "swiss"]
[EventRounds "6"]
[EventCountry "CAN"]

1. c4 b6 2. g3 Bb7 3. Nf3 c5 4. Bg2 Nf6 5. O-O g6 6. Nc3 Bg7 7. d3 O-O 8. e4 d6
9. h3 Nbd7 10. Be3 e6 11. Qd2 Re8 12. d4 Nxe4 13. Nxe4 Bxe4 14. dxc5 Nxc5 15.
Bd4 e5 16. Be3 Qc7 17. Rad1 Rad8 18. Rfe1 Bb7 19. Bh6 Ne6 20. Bxg7 Kxg7 21. b3
Bc6 22. Nh2 Bxg2 23. Kxg2 Nd4 24. Re3 f5 25. Rd3 Re7 26. Rxd4 exd4 27. Qxd4+
Kg8 28. Qd5+ Kf8 29. Nf3 Qb7 30. Qd4 Kg8 31. Qf6 Rdd7 32. Rd5 Qb8 33. Qg5 Qf8
34. Qd2 Qf6 35. Ne1 Qe6 36. Nd3 Qe4+ 37. Kg1 Qe2 38. Qg5 Qf3 39. h4 Re6 40. Qf4
Qxf4 41. Nxf4 Re1+ 42. Kg2 Kf7 43. Rd2 Re5 44. Nd5 Ke6 1/2-1/2

[Event "Tournament of Champions"]
[Site "Winnipeg CAN"]
[Date "2010.11.02"]
[Round "1.6"]
[White "Schulz, Waldemar"]
[Black "Green, Jim"]
[Result "1/2-1/2"]
[WhiteElo "2075"]
[BlackElo "1822"]
[PlyCount "93"]
[EventDate "2010.11.02"]
[EventType "swiss"]
[EventRounds "6"]
[EventCountry "CAN"]

1. Nf3 d5 2. g3 c6 3. Bg2 Nf6 4. O-O g6 5. b3 Bg7 6. Bb2 O-O 7. Na3 Bg4 8. c4
Bxf3 9. Bxf3 e6 10. Nc2 Nbd7 11. e3 a5 12. Qe2 e5 13. Bg2 Re8 14. d4 e4 15.
Rfc1 h5 16. Ne1 Bh6 17. Qc2 Rc8 18. cxd5 cxd5 19. Qxc8 Qxc8 20. Rxc8 Rxc8 21.
Rc1 Rxc1 22. Bxc1 Ne8 23. Bf1 f5 24. Bd2 b6 25. Nc2 Bf8 26. b4 axb4 27. Nxb4
Nc7 28. Na6 Nxa6 29. Bxa6 Nf6 30. h3 Kf7 31. a4 Bd6 32. Kg2 Ke7 33. a5 bxa5 34.
Bxa5 Kd7 35. Bb5+ Ke7 36. Bc6 Ke6 37. Bd8 Be7 38. Bc7 Bd6 39. Ba5 Be7 40. Bb7
Nd7 41. Ba6 Bd6 42. Bb5 Ke7 43. Bc6 Ke6 44. Bb6 Be7 45. Bc7 Bd6 46. Bd8 Be7 47.
Ba5 1/2-1/2

[Event "Tournament of Champions"]
[Site "Winnipeg CAN"]
[Date "2010.11.02"]
[Round "1.6"]
[White "Zaczek, Jonathan"]
[Black "Kernetsky, Myron"]
[Result "1-0"]
[WhiteElo "2272"]
[BlackElo "2006"]
[PlyCount "51"]
[EventDate "2010.11.02"]
[EventType "swiss"]
[EventRounds "6"]
[EventCountry "CAN"]

1. e4 e6 2. d4 d5 3. Nc3 Nf6 4. Bg5 Be7 5. e5 Nfd7 6. h4 c5 7. Bxe7 Kxe7 8.
dxc5 Nxe5 9. Qe2 Nec6 10. O-O-O Kf8 11. h5 h6 12. f4 Qe7 13. Nf3 Nd7 14. g4
Nxc5 15. Bh3 Bd7 16. g5 Rd8 17. Rhg1 Be8 18. Qg2 hxg5 19. Nxg5 Qf6 20. f5 Rxh5
21. fxe6 Rxg5 22. Qxg5 Qxg5+ 23. Rxg5 fxe6 24. Rf1+ Kg8 25. Na4 Nxa4 26. Bxe6+
1-0

[Event "Tournament of Champions"]
[Site "Winnipeg CAN"]
[Date "2010.11.09"]
[Round "2.6"]
[White "Green, Jim"]
[Black "Lauritson, James"]
[Result "0-1"]
[WhiteElo "1822"]
[BlackElo "1978"]
[PlyCount "68"]
[EventDate "2010.11.02"]
[EventType "swiss"]
[EventRounds "6"]
[EventCountry "CAN"]

1. e4 c5 2. Nf3 e6 3. b3 Nc6 4. Bb2 d6 5. c4 e5 6. h3 f5 7. Nc3 Nf6 8. d3 Be7
9. Be2 Nd4 10. Nd5 O-O 11. O-O f4 12. Bxd4 cxd4 13. b4 Kh8 14. Rb1 Rg8 15. Nxe7
Qxe7 16. c5 d5 17. Nd2 g5 18. exd5 Nxd5 19. Ne4 g4 20. hxg4 Qh4 21. g5 h6 22.
Bf3 Be6 23. g3 fxg3 24. fxg3 Rxg5 25. Nxg5 Qxg3+ 26. Bg2 Qxg5 27. Qf3 Rg8 28.
c6 bxc6 29. Rbc1 a6 30. Rxc6 Nf4 31. Rxe6 Nxe6 32. Qf6+ Qxf6 33. Rxf6 Nf4 34.
Rxh6+ Kg7 0-1

[Event "Tournament of Champions"]
[Site "Winnipeg CAN"]
[Date "2010.11.09"]
[Round "2.6"]
[White "Kaptsan, Aron"]
[Black "Lipnowski, Samuel"]
[Result "1/2-1/2"]
[WhiteElo "2040"]
[BlackElo "2262"]
[PlyCount "54"]
[EventDate "2010.11.02"]
[EventType "swiss"]
[EventRounds "6"]
[EventCountry "CAN"]

1. e4 c5 2. Nf3 Nc6 3. d4 cxd4 4. Nxd4 Nf6 5. Nc3 a6 6. Nb3 e5 7. a3 Be7 8. Be2
O-O 9. O-O d6 10. Be3 Be6 11. Bf3 Na5 12. Nxa5 Qxa5 13. b4 Qc7 14. Nd5 Bxd5 15.
exd5 Rac8 16. Rc1 b5 17. Be2 Qc3 18. Bd2 Qd4 19. c4 bxc4 20. Be3 Qb2 21. Bxc4
Qxa3 22. Bd2 Ne4 23. Be1 Qb2 24. Rb1 Qd4 25. Qxd4 exd4 26. Bxa6 Rb8 27. f3 Nc3
1/2-1/2

[Event "Tournament of Champions"]
[Site "Winnipeg CAN"]
[Date "2010.11.09"]
[Round "2.6"]
[White "Kernetsky, Myron"]
[Black "Klokow, John"]
[Result "1-0"]
[WhiteElo "2006"]
[BlackElo "1820"]
[PlyCount "75"]
[EventDate "2010.11.02"]
[EventType "swiss"]
[EventRounds "6"]
[EventCountry "CAN"]

1. d4 d5 2. Nf3 Nf6 3. c4 c6 4. Nc3 e6 5. e3 Nbd7 6. Bd3 dxc4 7. Bxc4 b5 8. Bd3
a6 9. O-O c5 10. Qe2 Bb7 11. Rd1 Qb6 12. b3 Be7 13. Bd2 O-O 14. Be1 Rac8 15. a4
cxd4 16. exd4 Bb4 17. Rdc1 Bxc3 18. Bxc3 Nd5 19. Bd2 b4 20. Bc4 a5 21. Rc2 Qd6
22. Rac1 N5f6 23. Be3 Be4 24. Bd3 Rxc2 25. Qxc2 Bxd3 26. Qxd3 Nd5 27. Bd2 Ra8
28. Qb5 h6 29. Rc6 Qb8 30. Qxb8+ Rxb8 31. Kf1 N7b6 32. Rc5 Rc8 33. Rxa5 Rc2 34.
Rb5 Rb2 35. a5 Nd7 36. Rb7 N7f6 37. a6 Rxb3 38. a7 1-0

[Event "Tournament of Champions"]
[Site "Winnipeg CAN"]
[Date "2010.11.09"]
[Round "2.6"]
[White "Melamedoff, Gustavo"]
[Black "Zaczek, Jonathan"]
[Result "0-1"]
[WhiteElo "2051"]
[BlackElo "2272"]
[PlyCount "54"]
[EventDate "2010.11.02"]
[EventType "swiss"]
[EventRounds "6"]
[EventCountry "CAN"]

1. Nf3 Nf6 2. b3 g6 3. Bb2 Bg7 4. c4 O-O 5. g3 c5 6. Bg2 Nc6 7. O-O d5 8. cxd5
Nxd5 9. Bxg7 Kxg7 10. Qc1 b6 11. Nc3 Bb7 12. Qb2 Kg8 13. Rac1 Rc8 14. Rfd1 Qd7
15. Nxd5 Qxd5 16. d3 Rfd8 17. Nd2 Qd7 18. Ne4 Nd4 19. e3 Ne6 20. Bh3 Bd5 21.
Nc3 Bf3 22. Rd2 Qc6 23. e4 Ng5 24. Bg2 Qe6 25. h4 Bxg2 26. hxg5 Bf3 27. Nd5
Rxd5 0-1

[Event "Tournament of Champions"]
[Site "Winnipeg CAN"]
[Date "2010.11.16"]
[Round "3.6"]
[White "Boron, Anthony"]
[Black "Lipnowski, Samuel"]
[Result "0-1"]
[WhiteElo "2014"]
[BlackElo "2262"]
[PlyCount "114"]
[EventDate "2010.11.02"]
[EventType "swiss"]
[EventRounds "6"]
[EventCountry "CAN"]

1. d4 Nf6 2. Nf3 g6 3. Nc3 d5 4. Bf4 Bg7 5. e3 O-O 6. Be2 c6 7. Ne5 Nbd7 8. h4
Nxe5 9. Bxe5 h5 10. Bxf6 exf6 11. g4 hxg4 12. Bxg4 f5 13. Bf3 Bh6 14. Ne2 Re8
15. h5 g5 16. Qd3 g4 17. Bg2 f4 18. e4 f3 19. Bxf3 gxf3 20. Rg1+ Kh8 21. Qxf3
Be6 22. e5 Rg8 23. Rxg8+ Kxg8 24. Ng3 Qg5 25. c3 Bg4 26. Qd3 Bxh5 27. Kf1 Bg6
28. Qe2 Kh8 29. Kg2 Rg8 30. Rg1 Qd2 31. Qxd2 Bxd2 32. Rh1+ Kg7 33. Kf3 Rh8 34.
Rg1 Kf8 35. Kg4 Ke7 36. f4 Be3 37. Rg2 Bd3 38. Kf3 Bc1 39. f5 Rh4 40. f6+ Ke6
41. Rg1 Bxb2 42. Ke3 Bg6 43. Ne2 Re4+ 44. Kd2 Ba3 45. Rf1 Bf8 46. Rh1 Rg4 47.
Rh8 Ba3 48. Rb8 Rg2 49. Ke3 Kf5 50. Kf3 Rh2 51. Ng3+ Kg5 52. Rxb7 Bc1 53. Rxa7
Bc2 54. Ne2 Be4+ 55. Kg3 Rxe2 56. Rxf7 Bf4+ 57. Kh3 Rh2# 0-1

[Event "Tournament of Champions"]
[Site "Winnipeg CAN"]
[Date "2010.11.16"]
[Round "3.6"]
[White "Kaptsan, Aron"]
[Black "Melamedoff, Gustavo"]
[Result "0-1"]
[WhiteElo "2040"]
[BlackElo "2051"]
[PlyCount "62"]
[EventDate "2010.11.02"]
[EventType "swiss"]
[EventRounds "6"]
[EventCountry "CAN"]

1. d4 Nf6 2. c4 g6 3. Nc3 d5 4. cxd5 Nxd5 5. e4 Nxc3 6. bxc3 Bg7 7. Nf3 O-O 8.
Be2 b6 9. O-O Bb7 10. Qc2 c5 11. Be3 cxd4 12. cxd4 Nc6 13. Rad1 Rc8 14. Qb1 Qd6
15. d5 Ne5 16. Nxe5 Bxe5 17. f4 Bg7 18. Bf3 Qa3 19. Bf2 Rc4 20. Rd3 Qa4 21. Qb3
Ba6 22. Rfd1 Rfc8 23. d6 exd6 24. Rxd6 Bf8 25. Rd8 Rxd8 26. Rxd8 Rc1+ 27. Rd1
Rxd1+ 28. Bxd1 Qxe4 29. Qf3 Qb1 30. Qb3 Qa1 31. Be3 Be2 0-1

[Event "Tournament of Champions"]
[Site "Winnipeg CAN"]
[Date "2010.11.16"]
[Round "3.6"]
[White "Klokow, John"]
[Black "Green, Jim"]
[Result "1-0"]
[WhiteElo "1820"]
[BlackElo "1822"]
[PlyCount "83"]
[EventDate "2010.11.02"]
[EventType "swiss"]
[EventRounds "6"]
[EventCountry "CAN"]

1. e4 d6 2. d4 Nf6 3. Nc3 e5 4. dxe5 dxe5 5. Qxd8+ Kxd8 6. Bc4 Ke8 7. f3 c6 8.
a4 Bb4 9. Nge2 h6 10. Be3 Nbd7 11. O-O-O Ke7 12. Na2 Bc5 13. Bd2 a5 14. Bc3 Nb6
15. Bb3 Nbd7 16. Kb1 Re8 17. Nac1 Kf8 18. Nd3 b5 19. axb5 cxb5 20. Nxc5 Nxc5
21. Bd5 Bb7 22. Bxb7 Nxb7 23. Nc1 b4 24. Be1 Nc5 25. Bf2 Rac8 26. Rd6 Re6 27.
Rxe6 Nxe6 28. Rd1 Rd8 29. Rxd8+ Nxd8 30. Ka2 Nc6 31. Kb3 Nd7 32. Ka4 Ke7 33.
Nb3 Kd6 34. Nxa5 Ndb8 35. Nxc6 Nxc6 36. Kb5 b3 37. c3 g6 38. Kc4 f5 39. Kxb3 g5
40. exf5 g4 41. Kc4 gxf3 42. Bc5+ 1-0

[Event "Tournament of Champions"]
[Site "Winnipeg CAN"]
[Date "2010.11.16"]
[Round "3.6"]
[White "Schulz, Waldemar"]
[Black "Kernetsky, Myron"]
[Result "1/2-1/2"]
[WhiteElo "2075"]
[BlackElo "2006"]
[PlyCount "61"]
[EventDate "2010.11.02"]
[EventType "swiss"]
[EventRounds "6"]
[EventCountry "CAN"]

1. d4 Nf6 2. c4 e6 3. g3 d5 4. Bg2 c5 5. Nf3 Nc6 6. cxd5 Nxd5 7. O-O Be7 8. a3
O-O 9. dxc5 Bxc5 10. b4 Be7 11. Bb2 Bf6 12. Qb3 Bd7 13. Nbd2 Bxb2 14. Qxb2 Qe7
15. Nc4 Nb6 16. Rac1 Rfc8 17. Rfd1 Be8 18. Nd6 Rc7 19. Nxe8 Rxe8 20. Rd3 Rd8
21. Rcd1 Rcd7 22. Qc2 Rxd3 23. Rxd3 a6 24. Qd1 Rxd3 25. Qxd3 h6 26. Nd2 Qc7 27.
Qc2 Nd5 28. Nb3 Qb6 29. Qc5 Qd8 30. Qc2 Qb6 31. Qc5 1/2-1/2

[Event "Tournament of Champions"]
[Site "Winnipeg CAN"]
[Date "2010.11.16"]
[Round "3.6"]
[White "Swift, Ryne"]
[Black "Pottinger, Carl"]
[Result "0-1"]
[WhiteElo "1815"]
[BlackElo "1808"]
[PlyCount "94"]
[EventDate "2010.11.02"]
[EventType "swiss"]
[EventRounds "6"]
[EventCountry "CAN"]

1. e4 c5 2. Nf3 d6 3. d4 cxd4 4. Nxd4 Nf6 5. Nc3 g6 6. f3 Bg7 7. Be3 O-O 8. Qd2
Nc6 9. Bc4 Bd7 10. O-O-O Rb8 11. g4 Na5 12. Bb3 b5 13. h4 Nc4 14. Bxc4 bxc4 15.
h5 Qb6 16. b3 cxb3 17. axb3 Qb4 18. Nb1 Qb7 19. hxg6 fxg6 20. Bh6 Bxh6 21. Qxh6
Rf7 22. g5 Nh5 23. Rd3 Nf4 24. Rd2 a5 25. Ne2 Nxe2+ 26. Rxe2 a4 27. Re3 Qa7 28.
Kd2 axb3 29. cxb3 Qa2+ 30. Kc1 Rxb3 31. Rxb3 Qxb3 32. Nd2 Qc3+ 33. Kd1 Qe3 34.
Rh2 Ba4+ 35. Kc1 Qc3+ 36. Kb1 e5 37. Nc4 Qxc4 38. Rb2 Bb5 39. Rc2 Qb3+ 40. Kc1
Qa3+ 41. Kd2 Qb4+ 42. Kc1 Bc4 43. Rb2 Qc3+ 44. Rc2 Qe3+ 45. Kb2 Rb7+ 46. Ka1
Qa3+ 47. Ra2 Qxa2# 0-1

[Event "Tournament of Champions"]
[Site "Winnipeg CAN"]
[Date "2010.11.16"]
[Round "3.6"]
[White "Zaczek, Jonathan"]
[Black "Lauritson, James"]
[Result "1-0"]
[WhiteElo "2272"]
[BlackElo "1978"]
[PlyCount "39"]
[EventDate "2010.11.02"]
[EventType "swiss"]
[EventRounds "6"]
[EventCountry "CAN"]

1. e4 c5 2. Nf3 e6 3. d4 cxd4 4. Nxd4 Nc6 5. Nc3 Qc7 6. Nxc6 Qxc6 7. Bd3 a6 8.
a4 b6 9. O-O d6 10. Qe2 Bb7 11. a5 Nf6 12. Be3 bxa5 13. Rxa5 Be7 14. Rfa1 O-O
15. Bxa6 Nxe4 16. Nxe4 Qxe4 17. f3 Qc6 18. Bxb7 Qxb7 19. Ra7 Qc6 20. R1a6 1-0

[Event "Tournament of Champions"]
[Site "Winnipeg CAN"]
[Date "2010.11.23"]
[Round "4.6"]
[White "Boron, Anthony"]
[Black "Klokow, John"]
[Result "1-0"]
[WhiteElo "2014"]
[BlackElo "1820"]
[PlyCount "75"]
[EventDate "2010.11.02"]
[EventType "swiss"]
[EventRounds "6"]
[EventCountry "CAN"]

1. d4 d5 2. c4 c6 3. Nf3 Nf6 4. e3 Bf5 5. cxd5 cxd5 6. Qb3 Qc7 7. Bd2 Nc6 8.
Nc3 e6 9. Rc1 Be7 10. Be2 O-O 11. O-O Nd7 12. a3 Qb6 13. Qa2 Rac8 14. Na4 Qd8
15. b4 Nb6 16. Nc5 Bxc5 17. bxc5 Nd7 18. Qb2 Rb8 19. h3 b6 20. Qb5 Qc7 21. cxb6
Rxb6 22. Qa4 Qb7 23. Rfe1 h6 24. Rc3 Ne7 25. Rec1 Rc8 26. Rxc8+ Nxc8 27. Bb4
Nd6 28. Ne5 Nxe5 29. dxe5 Nc4 30. Bxc4 dxc4 31. Qe8+ Kh7 32. Rxc4 Be4 33. Rc8
Bxg2 34. Qh8+ Kg6 35. Rg8 f6 36. exf6 Bh1 37. Rxg7+ Kxf6 38. Rxb7+ 1-0